000 01291nam a2200241Ia 4500
003 Ost
005 20260507074950.0
008 260507s9999||||xx |||||||||||||| ||und||
020 _a9957241753
040 _cfsecg
041 _aara
082 _a302.2
100 _aعليان، ربحي مصطفى
_eمؤلف
245 0 _aالإتصال والعلاقات العامة /
_c ربحي مصطفى عليان
260 _aعمان:
_bدار صفاء للنشر والتوزيع,
_c2005
300 _a356 صفحة؛
_bإيضاحات ؛
_c24 سم
504 _aببليوغرافيا:ص.353-356
520 _aالإتصال،عناصر عملية الإتصال ومكوناتها،نماذج وشبكات الإتصال،أنواع الإتصال ومستوياته،تكنولوجيا الإتصال،مهارات الإتصال ومعوقاته،الإتصال الجماهيري،العلاقات العامة،أهداف العلاقات العامة وأهميتها،جمهور العلاقات العامة،التخطيط للعلاقات العامة،تنظيم وإدارة العلاقات العامة
653 _aالإتصال
653 _aوسائل الإعلام
700 _aمحمودالطوباسي، عدنان
_eمؤلف ثانوي
942 _cكتاب
999 _c41988
_d41988